Представление документа в формате RUSMARC

ПолеНазваниеЗначение
  Тип записи a
  Библиографический уровень a
001 Контрольный номер RU/CBS_Ul/BASE/526658224
005 Дата корректировки 20240209175204.5
100 Данные общей обработки __
a Данные общей обработки 20160908d2016 ||| 0rusy0189 ca
101 Язык документа 0_
a Язык текста rus
102 Страна публикации __
a Страна публикации RU
105 Кодированные данные (монография) __
a Кодированные данные (монография) y###||||000|y
200 Заглавие и сведения об ответственности 1_
a Заглавие Из древности времен
b Общее обозначение материала Текст
e Сведения, относящиеся к заглавию [викторина, посвященная памятным датам, выдающимся именам, искусству, быту и культуре русского народа, для учащихся 6-7 классов]
f Первые сведения об ответственности Н. М. Кочеткова
300 Общие примечания __
a Общие примечания Ограничения по возрасту - 16+
320 Библиография __
a Библиография Библиогр.: с. 37
461 Уровень набора _0
1 2000
a Читаем, учимся, играем
463 Уровень физической единицы _0
1 001RU/CBS_Ul/BASE/522239305
1 2000
a № 6
v С. 35-37
1 210
d 2016
600 Персоналии _0
a Персоналии (Фамилия) Кочеткова
b Персоналии (Имя, инициалы) Н. М.
606 Тематические рубрики 0_
a Основная рубрика Русские - Традиционная культура - Сценарии
610 Ключевые слова 0_
a Ключевые слова сценарии
a Ключевые слова викторины
a Ключевые слова русские традиции
a Ключевые слова русская культура
a Ключевые слова русский быт
686 Индексы других классификаций __
a Классификационный индекс 74.200.5
2 Код системы ББК
700 Автор _1
a Фамилия Кочеткова
b Имя (инициалы) Н. М.
g Полное личное имя Наталья Михайловна
801 Источник записи _0
a Страна RU
b Организация МБУК ЦБС г. Ульяновска
c Дата составления 20160908
g Правила каталогизации RCR
801 Источник записи _1
a Страна RU
b Организация МБУК ЦБС г. Ульяновска
c Дата составления 20160908
g Правила каталогизации RCR
901 Тип документа __
t Тип документа b
w Контрольный № источника RU/CBS_Ul/BASE/522239305
910 Корректоры записи __
a Корректор записи admin2
938 Служебная информация __
a Имя БД period